Prospekt emitenta cenných papierov

Zverejnenie informácií o niektorých slovenských emitentoch cenných papierov. Všeobecné informácie o spoločnosti, jej majetkové vzťahy, hospodárenie a prognózy ďalšieho vývoja.

Enregistré dans:
Détails bibliographiques
Format: Chapitre de livre
Langue:slovaque
Sujets:
Tags: Ajouter un tag
Pas de tags, Soyez le premier à ajouter un tag!

MARC

LEADER 00000naa a2200000 4500
001 r000232
005 20221205080706.4
041 0 |a slo 
044 |a SK 
245 1 0 |a Prospekt emitenta cenných papierov 
520 |a Zverejnenie informácií o niektorých slovenských emitentoch cenných papierov. Všeobecné informácie o spoločnosti, jej majetkové vzťahy, hospodárenie a prognózy ďalšieho vývoja. 
610 2 0 |a papiere cenné 
610 2 0 |a emisia 
610 2 0 |a firmy 
610 2 0 |a Slovensko 
610 2 0 |a spoločnosti akciové 
610 2 0 |a Michalovské pekárne a cukrárne, a.s. Michalovce 
610 2 0 |a Podvihorlatské pekárne a cukrárne, a.s. Humenné 
610 2 0 |a Drevostol, a.s. Prešov 
610 2 0 |a BAZ, a.s. Bratislava 
610 2 0 |a GUMON, a.s. Bratislava 
610 2 0 |a Inžiniersko-ekologické stavby, a.s. Poprad 
610 2 0 |a Slovenské lučobné závody, a.s. Hnúšťa